[Event "meisterschaft"]
[Site "?"]
[Date "2021.07.27"]
[Round "5.2"]
[White "Chevelevitch, Evgueni, Dr."]
[Black "Rosen, Willy"]
[Result "1-0"]
[BlackElo "2166"]
[WhiteElo "2386"]
[LiveChessVersion "1.4.8"]

1. e4 {[%clk 1:30:55]} c5 {[%clk 1:30:41]} 2. Nf3 {[%clk 1:31:19]} Nc6
{[%clk 1:31:05]} 3. d4 {[%clk 1:31:39]} cxd4 {[%clk 1:31:29]} 4. Nxd4
{[%clk 1:32:06]} Qb6 {[%clk 1:31:51]} 5. Nb3 {[%clk 1:32:09]} Nf6
{[%clk 1:32:14]} 6. Nc3 {[%clk 1:32:17]} e6 {[%clk 1:32:38]} 7. Qe2
{[%clk 1:31:52]} Bb4 {[%clk 1:31:49]} 8. Bd2 {[%clk 1:32:14]} d6 {[%clk 1:30:44]}
9. a3 {[%clk 1:31:53]} Bxc3 {[%clk 1:30:58]} 10. Bxc3 {[%clk 1:32:22]} e5
{[%clk 1:29:24]} 11. O-O-O {[%clk 1:31:31]} Be6 {[%clk 1:29:22]} 12. f3
{[%clk 1:16:49]} Bxb3 {[%clk 1:18:24]} 13. cxb3 {[%clk 1:17:15]} Rc8
{[%clk 1:17:11]} 14. Kb1 {[%clk 1:05:28]} Ke7 {[%clk 1:16:09]} 15. b4
{[%clk 1:00:38]} Rhd8 {[%clk 1:14:15]} 16. g3 {[%clk 0:58:30]} Kf8
{[%clk 1:14:43]} 17. Bh3 {[%clk 0:58:27]} Rc7 {[%clk 1:14:26]} 18. f4
{[%clk 0:55:25]} Re7 {[%clk 1:02:27]} 19. Bg2 {[%clk 0:52:34]} a6
{[%clk 1:00:08]} 20. Rd2 {[%clk 0:52:23]} Ne8 {[%clk 0:52:37]} 21. Rhd1
{[%clk 0:43:55]} f6 {[%clk 0:40:49]} 22. Qf3 {[%clk 0:42:46]} Qc7
{[%clk 0:40:25]} 23. h4 {[%clk 0:40:32]} Ra8 {[%clk 0:36:36]} 24. g4
{[%clk 0:35:32]} Rf7 {[%clk 0:34:25]} 25. f5 {[%clk 0:31:56]} h6 {[%clk 0:30:50]}
26. Qe3 {[%clk 0:26:58]} Na7 {[%clk 0:29:02]} 27. Rc1 {[%clk 0:25:44]} Qd7
{[%clk 0:29:14]} 28. Bf1 {[%clk 0:24:55]} b5 {[%clk 0:28:59]} 29. Be2
{[%clk 0:22:57]} Nc8 {[%clk 0:29:07]} 30. Bd1 {[%clk 0:18:36]} Qa7
{[%clk 0:27:51]} 31. Qe2 {[%clk 0:19:04]} Nb6 {[%clk 0:27:51]} 32. Bb3
{[%clk 0:19:04]} Rc7 {[%clk 0:23:06]} 33. Be6 {[%clk 0:19:19]} Nc4
{[%clk 0:15:04]} 34. Rd3 {[%clk 0:16:48]} Re7 {[%clk 0:13:53]} 35. g5
{[%clk 0:16:58]} hxg5 {[%clk 0:13:56]} 36. hxg5 {[%clk 0:17:26]} Rxe6
{[%clk 0:13:44]} 37. fxe6 {[%clk 0:16:10]} Qe7 {[%clk 0:09:49]} 38. Qg4
{[%clk 0:15:42]} Nc7 {[%clk 0:10:09]} 39. gxf6 {[%clk 0:11:46]} gxf6
{[%clk 0:09:03]} 40. Rh1 {[%clk 0:10:59]} Qxe6 {[%clk 0:09:03]} 41. Qxe6
{[%clk 0:10:59]} 1-0

[Event "meisterschaft"]
[Site "?"]
[Date "2021.07.27"]
[Round "5.3"]
[White "Schulz, Michael"]
[Black "Juhnke, Juergen"]
[Result "1-0"]
[BlackElo "2272"]
[WhiteElo "2165"]
[LiveChessVersion "1.4.8"]

1. d4 {[%clk 1:30:55]} Nf6 {[%clk 1:30:58]} 2. Bg5 {[%clk 1:31:18]} c5
{[%clk 1:31:14]} 3. d5 {[%clk 1:31:13]} Qb6 {[%clk 1:31:30]} 4. Nc3
{[%clk 1:31:34]} Qxb2 {[%clk 1:31:49]} 5. Bd2 {[%clk 1:32:00]} Qb6
{[%clk 1:32:07]} 6. e4 {[%clk 1:32:22]} e5 {[%clk 1:32:10]} 7. f4
{[%clk 1:32:31]} d6 {[%clk 1:32:27]} 8. fxe5 {[%clk 1:31:39]} dxe5
{[%clk 1:32:51]} 9. Nf3 {[%clk 1:32:01]} Nbd7 {[%clk 1:32:50]} 10. Rb1
{[%clk 1:31:42]} Qd8 {[%clk 1:32:05]} 11. Bb5 {[%clk 1:30:10]} a6
{[%clk 1:29:16]} 12. Bxd7+ {[%clk 1:30:33]} Nxd7 {[%clk 1:29:38]} 13. O-O
{[%clk 1:29:26]} Bd6 {[%clk 1:29:01]} 14. Qe1 {[%clk 1:24:35]} Nf6
{[%clk 0:41:48]} 15. Nh4 {[%clk 1:23:50]} h6 {[%clk 0:41:10]} 16. Nf5
{[%clk 1:23:02]} Bxf5 {[%clk 0:41:28]} 17. Rxf5 {[%clk 1:23:24]} b5
{[%clk 0:41:01]} 18. Qh4 {[%clk 1:06:48]} Rh7 {[%clk 0:33:09]} 19. Rbf1
{[%clk 1:04:40]} c4 {[%clk 0:33:24]} 20. Nd1 {[%clk 0:58:31]} Qb6+
{[%clk 0:28:42]} 21. Be3 {[%clk 0:57:09]} Qc7 {[%clk 0:27:51]} 22. Rxf6
{[%clk 0:41:33]} gxf6 {[%clk 0:27:58]} 23. Qg4 {[%clk 0:41:35]} Bf8
{[%clk 0:26:08]} 24. Rxf6 {[%clk 0:38:31]} Rg7 {[%clk 0:23:25]} 25. Qh5
{[%clk 0:36:18]} Bc5 {[%clk 0:23:23]} 26. Rc6 {[%clk 0:35:08]} Bxe3+
{[%clk 0:23:11]} 27. Nxe3 {[%clk 0:35:37]} Qa5 {[%clk 0:21:52]} 28. Qxe5+
{[%clk 0:31:10]} Kf8 {[%clk 0:19:47]} 29. Rxh6 {[%clk 0:31:25]} Kg8
{[%clk 0:16:31]} 30. Qh5 {[%clk 0:31:15]} Kf8 {[%clk 0:16:31]} 31. Rh8+
{[%clk 0:30:44]} Rg8 {[%clk 0:15:57]} 32. Qh6+ {[%clk 0:30:55]} Ke7
{[%clk 0:16:00]} 33. Nf5+ {[%clk 0:31:14]} 1-0

[Event "meisterschaft"]
[Site "?"]
[Date "2021.07.27"]
[Round "5.4"]
[White "Buchal, Stephan"]
[Black "Heinemann, Ernst"]
[Result "0-1"]
[BlackElo "2135"]
[WhiteElo "2256"]
[LiveChessVersion "1.4.8"]

1. c4 {[%clk 1:30:51]} c5 {[%clk 1:30:50]} 2. g3 {[%clk 1:31:06]} g6
{[%clk 1:30:39]} 3. Bg2 {[%clk 1:31:25]} Bg7 {[%clk 1:30:46]} 4. Nc3
{[%clk 1:31:42]} Nc6 {[%clk 1:31:11]} 5. Nf3 {[%clk 1:31:30]} Nh6
{[%clk 1:30:42]} 6. d3 {[%clk 1:26:31]} Nf5 {[%clk 1:29:21]} 7. h4
{[%clk 1:23:24]} h5 {[%clk 1:27:45]} 8. Bd2 {[%clk 1:19:40]} a6 {[%clk 1:25:46]}
9. Rb1 {[%clk 1:06:57]} Rb8 {[%clk 1:23:24]} 10. O-O {[%clk 0:59:59]} d6
{[%clk 1:16:33]} 11. a3 {[%clk 0:57:31]} b5 {[%clk 1:13:17]} 12. cxb5
{[%clk 0:56:52]} axb5 {[%clk 1:13:33]} 13. b4 {[%clk 0:55:19]} cxb4
{[%clk 1:12:09]} 14. axb4 {[%clk 0:55:45]} Bd7 {[%clk 1:11:27]} 15. e3
{[%clk 0:50:16]} O-O {[%clk 1:03:21]} 16. d4 {[%clk 0:39:06]} e5 {[%clk 0:52:13]}
17. d5 {[%clk 0:24:57]} Nce7 {[%clk 0:52:06]} 18. e4 {[%clk 0:23:09]} Nh6
{[%clk 0:47:00]} 19. Ng5 {[%clk 0:22:42]} Ng4 {[%clk 0:44:01]} 20. Bh3
{[%clk 0:15:44]} Nc8 {[%clk 0:38:10]} 21. f3 {[%clk 0:13:09]} Nf6
{[%clk 0:37:18]} 22. Bxd7 {[%clk 0:13:17]} Qxd7 {[%clk 0:35:09]} 23. Qe2
{[%clk 0:13:19]} Nh7 {[%clk 0:32:49]} 24. Nxh7 {[%clk 0:09:47]} Kxh7
{[%clk 0:33:14]} 25. g4 {[%clk 0:08:31]} hxg4 {[%clk 0:30:16]} 26. fxg4
{[%clk 0:08:50]} Nb6 {[%clk 0:30:30]} 27. Ra1 {[%clk 0:06:21]} Nc4
{[%clk 0:30:24]} 28. Be1 {[%clk 0:06:11]} Ra8 {[%clk 0:25:01]} 29. Rxa8
{[%clk 0:06:01]} Rxa8 {[%clk 0:25:19]} 30. h5 {[%clk 0:05:08]} gxh5
{[%clk 0:17:36]} 31. Rf5 {[%clk 0:05:33]} hxg4 32. Qxg4 {[%clk 0:05:38]} Bh6
{[%clk 0:14:45]} 33. Qf3 {[%clk 0:04:36]} Rg8+ {[%clk 0:12:20]} 34. Kh1
{[%clk 0:05:00]} Rg7 {[%clk 0:12:05]} 35. Bf2 {[%clk 0:04:43]} Kg8
{[%clk 0:09:49]} 36. Qh3 {[%clk 0:01:52]} Bd2 {[%clk 0:09:18]} 37. Qd3
{[%clk 0:01:17]} Bf4 {[%clk 0:07:03]} 38. Ne2 {[%clk 0:01:14]} Bg5
{[%clk 0:04:40]} 39. Ng3 {[%clk 0:01:05]} f6 {[%clk 0:03:29]} 40. Kg2
{[%clk 0:00:39]} Bh4 {[%clk 0:00:34]} 41. Kf1 {[%clk 0:21:19]} Bxg3
{[%clk 0:27:01]} 42. Bxg3 {[%clk 0:21:46]} Qf7 {[%clk 0:24:52]} 43. Bf2
{[%clk 0:14:11]} Qg6 {[%clk 0:23:25]} 44. Ke2 {[%clk 0:10:05]} Qh6
{[%clk 0:20:56]} 45. Rf3 {[%clk 0:05:52]} Qh5 {[%clk 0:18:54]} 46. Ke1
{[%clk 0:04:34]} Kf7 {[%clk 0:17:23]} 47. Rh3 {[%clk 0:02:48]} Qg5
{[%clk 0:16:32]} 48. Rg3 {[%clk 0:00:45]} Qc1+ {[%clk 0:15:30]} 49. Ke2
{[%clk 0:01:11]} Qb2+ {[%clk 0:14:22]} 50. Kf1 {[%clk 0:00:43]} Nd2+
{[%clk 0:12:11]} 51. Kg2 {[%clk 0:00:33]} Rxg3+ {[%clk 0:12:16]} 52. Kxg3
{[%clk 0:00:38]} Qxb4 {[%clk 0:11:43]} 0-1

[Event "meisterschaft"]
[Site "?"]
[Date "2021.07.27"]
[Round "5.5"]
[White "Namyslo, Holger"]
[Black "Syre, Christian"]
[Result "1/2-1/2"]
[BlackElo "2249"]
[WhiteElo "2135"]
[LiveChessVersion "1.4.8"]

1. e4 {[%clk 1:30:52]} Nc6 {[%clk 1:30:48]} 2. Nf3 {[%clk 1:30:35]} d6
{[%clk 1:31:05]} 3. d4 {[%clk 1:30:42]} Nf6 {[%clk 1:31:32]} 4. Nc3
{[%clk 1:30:49]} g6 {[%clk 1:31:53]} 5. Be2 {[%clk 1:26:30]} Bg7 {[%clk 1:32:05]}
6. O-O {[%clk 1:26:19]} O-O {[%clk 1:32:32]} 7. h3 {[%clk 1:26:06]} e5
{[%clk 1:31:54]} 8. Be3 {[%clk 1:25:36]} Re8 {[%clk 1:24:04]} 9. dxe5
{[%clk 1:25:02]} Nxe5 {[%clk 1:20:55]} 10. Nxe5 {[%clk 1:22:20]} Rxe5
{[%clk 1:20:16]} 11. f4 {[%clk 1:19:40]} Re8 {[%clk 1:19:39]} 12. Bf3
{[%clk 1:19:47]} Bd7 {[%clk 1:19:03]} 13. Qd3 {[%clk 1:13:21]} Bc6
{[%clk 1:19:30]} 14. Rae1 {[%clk 1:11:37]} h6 {[%clk 1:09:48]} 15. b4
{[%clk 1:08:30]} a6 {[%clk 1:10:15]} 16. a4 {[%clk 1:06:06]} Nh7 {[%clk 1:04:39]}
17. Bd4 {[%clk 1:04:35]} Bxd4+ {[%clk 1:02:13]} 18. Qxd4 {[%clk 1:04:58]} Qd7
{[%clk 1:02:35]} 19. Bg4 {[%clk 1:00:17]} Qd8 {[%clk 0:59:27]} 20. Qc4
{[%clk 0:54:40]} Bxa4 {[%clk 0:47:44]} 21. Nxa4 {[%clk 0:53:59]} b5
{[%clk 0:48:13]} 22. Qb3 {[%clk 0:53:23]} bxa4 {[%clk 0:48:42]} 23. Qxa4
{[%clk 0:53:52]} Qf6 {[%clk 0:45:37]} 24. e5 {[%clk 0:49:58]} dxe5
{[%clk 0:43:07]} 25. fxe5 {[%clk 0:50:19]} Qb6+ {[%clk 0:43:29]} 26. Kh1
{[%clk 0:50:32]} Re7 {[%clk 0:38:11]} 27. Qa3 {[%clk 0:49:20]} Rae8
{[%clk 0:29:40]} 28. Qb3 {[%clk 0:47:53]} Ng5 {[%clk 0:18:00]} 29. h4
{[%clk 0:47:42]} Ne6 {[%clk 0:18:24]} 30. Rf6 {[%clk 0:46:30]} Qd4
{[%clk 0:15:22]} 31. Qg3 {[%clk 0:45:41]} Nf8 {[%clk 0:07:40]} 32. c3
{[%clk 0:43:39]} Qd5 {[%clk 0:05:35]} 33. Bf3 {[%clk 0:40:59]} Qd3
{[%clk 0:05:15]} 34. h5 {[%clk 0:35:53]} Re6 {[%clk 0:04:23]} 35. Kh2
{[%clk 0:16:05]} Rxf6 {[%clk 0:04:15]} 36. exf6 {[%clk 0:16:21]} Rxe1
{[%clk 0:04:42]} 37. Qxe1 {[%clk 0:16:46]} Qd6+ {[%clk 0:05:08]} 38. Qg3
{[%clk 0:16:11]} Qxf6 {[%clk 0:04:11]} 39. hxg6 {[%clk 0:15:02]} Nxg6
{[%clk 0:04:36]} 40. Qxc7 {[%clk 0:11:40]} Qh4+ {[%clk 0:04:58]} 41. Kg1
{[%clk 0:11:48]} Qe1+ {[%clk 0:04:59]} 42. Kh2 {[%clk 0:12:13]} 1/2-1/2

[Event "meisterschaft"]
[Site "?"]
[Date "2021.07.27"]
[Round "5.6"]
[White "Pruefer, Friedbert, Prof. Dr."]
[Black "Kuempers, Ulrich"]
[Result "1-0"]
[BlackElo "2047"]
[WhiteElo "2244"]
[LiveChessVersion "1.4.8"]

1. d4 {[%clk 1:30:57]} Nf6 {[%clk 1:30:52]} 2. Bf4 {[%clk 1:31:25]} d5
{[%clk 1:30:40]} 3. e3 {[%clk 1:31:47]} g6 {[%clk 1:30:59]} 4. Nc3
{[%clk 1:31:58]} Bg7 {[%clk 1:29:55]} 5. h4 {[%clk 1:32:13]} O-O {[%clk 1:29:50]}
6. h5 {[%clk 1:32:39]} c5 {[%clk 1:29:54]} 7. hxg6 {[%clk 1:32:21]} hxg6
{[%clk 1:27:47]} 8. Qd2 {[%clk 1:29:13]} Nc6 {[%clk 1:28:09]} 9. O-O-O
{[%clk 1:21:43]} Qa5 {[%clk 1:26:36]} 10. Kb1 {[%clk 1:20:50]} Rd8
{[%clk 1:22:34]} 11. f3 {[%clk 0:56:44]} Nh5 {[%clk 1:08:50]} 12. Rxh5
{[%clk 0:48:40]} gxh5 {[%clk 1:09:17]} 13. Qf2 {[%clk 0:48:51]} Bf5
{[%clk 1:07:50]} 14. Bd3 {[%clk 0:45:23]} Bxd3 {[%clk 1:01:11]} 15. Rxd3
{[%clk 0:43:28]} cxd4 {[%clk 1:01:14]} 16. exd4 {[%clk 0:43:38]} Rac8
{[%clk 1:01:11]} 17. Nge2 {[%clk 0:42:02]} e5 {[%clk 0:53:26]} 18. Bd2
{[%clk 0:17:59]} Nb4 {[%clk 0:41:24]} 19. Qg3 {[%clk 0:17:54]} Rc6
{[%clk 0:41:26]} 20. Re3 {[%clk 0:15:37]} Rg6 {[%clk 0:35:47]} 21. Qh4
{[%clk 0:15:59]} Bf6 {[%clk 0:31:56]} 22. Qxh5 {[%clk 0:14:59]} exd4
{[%clk 0:30:51]} 23. a3 {[%clk 0:03:46]} dxc3 {[%clk 0:30:14]} 24. Nxc3
{[%clk 0:03:35]} Nc6 {[%clk 0:13:40]} 25. Ne4 {[%clk 0:01:25]} Qb6
{[%clk 0:12:53]} 26. Nxf6+ {[%clk 0:01:53]} Rxf6 {[%clk 0:12:35]} 27. Re1
{[%clk 0:02:22]} Rg6 {[%clk 0:07:35]} 28. Bg5 {[%clk 0:02:01]} Qc7
{[%clk 0:03:03]} 29. Rh1 {[%clk 0:01:05]} Qe5 {[%clk 0:02:23]} 30. f4
{[%clk 0:01:33]} Qg7 {[%clk 0:02:33]} 31. Bxd8 {[%clk 0:01:12]} Nxd8
{[%clk 0:02:53]} 32. f5 {[%clk 0:01:35]} Rg5 {[%clk 0:02:46]} 33. Qh4
{[%clk 0:01:50]} Nc6 {[%clk 0:02:11]} 34. Re1 {[%clk 0:02:07]} f6
{[%clk 0:01:09]} 35. Re8+ {[%clk 0:02:07]} Kf7 {[%clk 0:01:38]} 36. Qe1
{[%clk 0:02:30]} Ne5 {[%clk 0:01:35]} 37. Rb8 {[%clk 0:02:51]} Qh6
{[%clk 0:01:40]} 38. Rxb7+ {[%clk 0:03:09]} Kg8 {[%clk 0:01:49]} 39. Qd2
{[%clk 0:02:54]} Qh1+ {[%clk 0:02:07]} 40. Ka2 {[%clk 0:03:24]} Qxg2
{[%clk 0:02:03]} 41. Qb4 {[%clk 0:27:06]} Qxc2 {[%clk 0:27:26]} 42. Rb8+
{[%clk 0:26:22]} Kh7 {[%clk 0:27:42]} 43. Qh4+ {[%clk 0:26:33]} Kg7
{[%clk 0:26:37]} 44. Qh8+ {[%clk 0:26:50]} 1-0

[Event "meisterschaft"]
[Site "?"]
[Date "2021.07.27"]
[Round "5.7"]
[White "Kierzek, Matthias, Dr."]
[Black "Dekan, Hans"]
[Result "1-0"]
[BlackElo "2085"]
[WhiteElo "2201"]
[LiveChessVersion "1.4.8"]

1. d4 {[%clk 1:30:57]} Nf6 {[%clk 1:30:40]} 2. c4 {[%clk 1:31:17]} e6
{[%clk 1:31:05]} 3. Nf3 {[%clk 1:31:37]} d5 {[%clk 1:31:22]} 4. Nc3
{[%clk 1:31:53]} c6 {[%clk 1:29:48]} 5. Bg5 {[%clk 1:32:11]} Nbd7
{[%clk 1:27:39]} 6. e3 {[%clk 1:32:30]} Qa5 {[%clk 1:27:36]} 7. cxd5
{[%clk 1:31:43]} exd5 {[%clk 1:10:33]} 8. Bd3 {[%clk 1:30:56]} Ne4
{[%clk 1:09:38]} 9. O-O {[%clk 1:31:02]} Nxg5 {[%clk 1:08:34]} 10. Nxg5
{[%clk 1:31:25]} Nf6 {[%clk 1:08:23]} 11. h3 {[%clk 0:58:08]} Be7
{[%clk 1:04:30]} 12. f4 {[%clk 0:57:04]} O-O {[%clk 1:02:09]} 13. a3
{[%clk 0:51:16]} c5 {[%clk 0:59:55]} 14. Nf3 {[%clk 0:51:06]} c4 {[%clk 0:47:49]}
15. Bc2 {[%clk 0:50:38]} b5 {[%clk 0:47:45]} 16. Ne5 {[%clk 0:49:47]} b4
{[%clk 0:42:58]} 17. axb4 {[%clk 0:48:09]} Qxb4 {[%clk 0:43:19]} 18. Rb1
{[%clk 0:46:21]} Qb7 {[%clk 0:30:26]} 19. Qf3 {[%clk 0:45:40]} Bb4
{[%clk 0:22:38]} 20. g4 {[%clk 0:44:33]} Bxc3 {[%clk 0:15:19]} 21. bxc3
{[%clk 0:44:46]} Qc7 {[%clk 0:15:41]} 22. g5 {[%clk 0:29:35]} Ne4
{[%clk 0:15:28]} 23. Bxe4 {[%clk 0:29:43]} dxe4 {[%clk 0:15:44]} 24. Qxe4
{[%clk 0:28:15]} Bxh3 {[%clk 0:15:58]} 25. Rf3 {[%clk 0:16:35]} Qc8
{[%clk 0:14:52]} 26. f5 {[%clk 0:16:39]} f6 {[%clk 0:10:41]} 27. Qd5+
{[%clk 0:14:57]} Kh8 {[%clk 0:11:10]} 28. Rxh3 {[%clk 0:10:16]} fxe5
{[%clk 0:11:00]} 29. e4 {[%clk 0:06:45]} Qd8 {[%clk 0:09:47]} 30. Qxd8
{[%clk 0:06:00]} Rfxd8 {[%clk 0:10:01]} 31. dxe5 {[%clk 0:06:16]} Rd3
{[%clk 0:07:39]} 32. Rxd3 {[%clk 0:06:17]} cxd3 {[%clk 0:08:07]} 33. Kf2
{[%clk 0:06:30]} Kg8 {[%clk 0:08:21]} 34. Ke3 {[%clk 0:06:49]} Rd8
{[%clk 0:08:24]} 35. Rd1 {[%clk 0:07:08]} d2 {[%clk 0:07:29]} 36. e6
{[%clk 0:07:09]} h5 {[%clk 0:04:57]} 37. gxh6 {[%clk 0:06:19]} gxh6
{[%clk 0:05:17]} 38. e7 {[%clk 0:04:54]} Re8 {[%clk 0:05:14]} 39. f6
{[%clk 0:05:10]} Kf7 {[%clk 0:05:42]} 40. e5 {[%clk 0:05:24]} h5 {[%clk 0:02:57]}
41. Rxd2 {[%clk 0:05:40]} h4 {[%clk 0:03:16]} 42. Rd8 {[%clk 0:04:45]} h3
{[%clk 0:03:29]} 43. e6+ {[%clk 0:04:53]} 1-0

[Event "meisterschaft"]
[Site "?"]
[Date "2021.07.27"]
[Round "5.8"]
[White "Dresen, Ulrich"]
[Black "Haubt, Georg"]
[Result "1/2-1/2"]
[BlackElo "2058"]
[WhiteElo "2268"]
[LiveChessVersion "1.4.8"]

1. d4 {[%clk 1:30:00]} Nf6 {[%clk 1:30:44]} 2. Nf3 {[%clk 1:29:47]} e6
{[%clk 1:30:52]} 3. c3 {[%clk 1:30:11]} c5 {[%clk 1:29:58]} 4. Bg5
{[%clk 1:30:27]} cxd4 {[%clk 1:28:54]} 5. cxd4 {[%clk 1:30:47]} Qa5+
{[%clk 1:27:36]} 6. Bd2 {[%clk 1:29:01]} Qb6 {[%clk 1:26:59]} 7. Qc2
{[%clk 1:26:07]} Nc6 {[%clk 1:26:38]} 8. e3 {[%clk 1:26:30]} d5 {[%clk 1:26:02]}
9. Nc3 {[%clk 1:26:35]} Bd7 {[%clk 1:25:43]} 10. a3 {[%clk 1:20:22]} Rc8
{[%clk 1:22:07]} 11. Bd3 {[%clk 1:16:52]} Na5 {[%clk 1:15:16]} 12. Ne5
{[%clk 1:06:59]} Bd6 {[%clk 1:07:38]} 13. Nxd7 {[%clk 0:56:17]} Nxd7
{[%clk 1:05:13]} 14. Rd1 {[%clk 0:46:18]} f5 {[%clk 0:54:28]} 15. Bb5
{[%clk 0:28:46]} Nc4 {[%clk 0:45:56]} 16. Rc1 {[%clk 0:18:53]} Rc7
{[%clk 0:36:07]} 17. O-O {[%clk 0:12:44]} O-O {[%clk 0:35:40]} 18. Bxd7
{[%clk 0:12:35]} Rxd7 {[%clk 0:36:08]} 19. Na4 {[%clk 0:12:48]} Qd8
{[%clk 0:31:25]} 20. Bb4 {[%clk 0:11:50]} Bxb4 {[%clk 0:28:27]} 21. axb4
{[%clk 0:12:18]} b6 {[%clk 0:28:31]} 22. b3 {[%clk 0:12:11]} Nd6 {[%clk 0:28:27]}
23. Qd3 {[%clk 0:11:05]} Qh4 {[%clk 0:27:33]} 24. Rc6 {[%clk 0:10:27]} Rf6
{[%clk 0:27:13]} 25. g3 {[%clk 0:10:05]} Qh5 {[%clk 0:26:50]} 26. Qd1
{[%clk 0:09:47]} Qh3 {[%clk 0:26:13]} 27. f3 {[%clk 0:08:53]} f4 {[%clk 0:24:42]}
28. exf4 {[%clk 0:08:59]} Nf5 {[%clk 0:24:22]} 29. Rf2 {[%clk 0:07:05]} Rg6
{[%clk 0:23:15]} 30. Qd2 {[%clk 0:06:53]} h5 {[%clk 0:21:58]} 31. Nb2
{[%clk 0:06:54]} Nxg3 {[%clk 0:08:59]} 32. hxg3 {[%clk 0:07:08]} Rxg3+
{[%clk 0:09:28]} 33. Rg2 {[%clk 0:07:36]} Rxf3 {[%clk 0:09:40]} 34. Nd1
{[%clk 0:06:56]} Rf7 {[%clk 0:06:17]} 35. Rc3 {[%clk 0:05:51]} R7xf4
{[%clk 0:05:04]} 36. Qxf4 {[%clk 0:04:18]} Qxg2+ {[%clk 0:05:32]} 37. Kxg2 Rxf4
38. Rd3 {[%clk 0:04:56]} Kf7 {[%clk 0:04:50]} 39. Nc3 {[%clk 0:04:58]} Kf6
{[%clk 0:04:04]} 40. Ne2 {[%clk 0:05:17]} Rg4+ 1/2-1/2

[Event "meisterschaft"]
[Site "?"]
[Date "2021.07.27"]
[Round "5.9"]
[White "Kornrumpf, Joachim, Prof. Dr."]
[Black "Ackermann, Hans Werner"]
[Result "0-1"]
[BlackElo "2221"]
[WhiteElo "2063"]
[LiveChessVersion "1.4.8"]

1. b3 {[%clk 1:30:48]} Nf6 {[%clk 1:28:15]} 2. Bb2 {[%clk 1:31:07]} g6
{[%clk 1:28:29]} 3. Nf3 {[%clk 1:30:05]} Bg7 {[%clk 1:28:33]} 4. e3
{[%clk 1:29:18]} c5 {[%clk 1:26:38]} 5. c4 {[%clk 1:28:11]} O-O {[%clk 1:22:06]}
6. Be2 {[%clk 1:27:49]} Nc6 {[%clk 1:19:43]} 7. O-O {[%clk 1:25:42]} d6
{[%clk 1:11:58]} 8. a3 {[%clk 1:21:17]} Bd7 {[%clk 1:01:38]} 9. Qc2
{[%clk 1:18:46]} a6 {[%clk 0:54:55]} 10. Rd1 {[%clk 1:11:45]} Bf5
{[%clk 0:50:20]} 11. d3 {[%clk 1:09:41]} Rb8 {[%clk 0:36:17]} 12. Nbd2
{[%clk 1:02:46]} Qc7 {[%clk 0:34:14]} 13. Rac1 {[%clk 0:45:07]} Rfc8
{[%clk 0:29:14]} 14. Qb1 {[%clk 0:38:37]} Qd8 {[%clk 0:21:52]} 15. e4
{[%clk 0:31:30]} Bg4 {[%clk 0:18:21]} 16. h3 {[%clk 0:29:22]} Bxf3
{[%clk 0:18:32]} 17. Nxf3 {[%clk 0:28:10]} e5 {[%clk 0:18:46]} 18. Bc3
{[%clk 0:23:43]} Bh6 {[%clk 0:17:08]} 19. Rc2 {[%clk 0:22:09]} Nd4
{[%clk 0:17:23]} 20. Nxd4 {[%clk 0:21:22]} cxd4 {[%clk 0:16:46]} 21. Be1
{[%clk 0:16:17]} b6 {[%clk 0:14:34]} 22. Qa2 {[%clk 0:14:09]} Bg5
{[%clk 0:11:40]} 23. Rb1 {[%clk 0:12:09]} h5 {[%clk 0:11:50]} 24. b4
{[%clk 0:11:29]} Qe7 {[%clk 0:10:17]} 25. a4 {[%clk 0:11:06]} Qe6
{[%clk 0:06:10]} 26. Rcb2 {[%clk 0:06:36]} Nd7 {[%clk 0:05:53]} 27. Qb3
{[%clk 0:05:30]} Bd8 {[%clk 0:06:06]} 28. Bd2 {[%clk 0:05:16]} a5
{[%clk 0:05:28]} 29. bxa5 {[%clk 0:04:28]} bxa5 {[%clk 0:05:52]} 30. Qd1
{[%clk 0:04:09]} Rxb2 {[%clk 0:03:55]} 31. Rxb2 {[%clk 0:04:39]} Rb8
{[%clk 0:03:52]} 32. Rxb8 {[%clk 0:04:21]} Nxb8 {[%clk 0:04:16]} 33. Qb3
{[%clk 0:04:13]} Qc8 {[%clk 0:03:54]} 34. Qb5 {[%clk 0:03:34]} Nc6
{[%clk 0:03:59]} 35. Bd1 {[%clk 0:01:54]} Kf8 {[%clk 0:02:35]} 36. Bb3
{[%clk 0:01:59]} Na7 {[%clk 0:02:44]} 37. Qd5 {[%clk 0:01:56]} Qc6
{[%clk 0:03:13]} 38. Qxc6 {[%clk 0:01:19]} Nxc6 {[%clk 0:03:38]} 39. Kf1
{[%clk 0:01:37]} Kg7 {[%clk 0:03:25]} 40. Ke2 {[%clk 0:01:50]} Bb6
{[%clk 0:03:49]} 41. f4 {[%clk 0:01:16]} Bc5 {[%clk 0:03:12]} 42. fxe5
{[%clk 0:26:19]} dxe5 {[%clk 0:33:23]} 43. Kd1 {[%clk 0:23:23]} f5
{[%clk 0:31:27]} 44. Bc2 {[%clk 0:16:39]} f4 {[%clk 0:30:07]} 45. Ke2
{[%clk 0:16:12]} Bb4 {[%clk 0:25:29]} 46. Bc1 {[%clk 0:13:05]} Nd8
{[%clk 0:25:20]} 47. Kf3 {[%clk 0:13:00]} Ne6 {[%clk 0:25:34]} 48. h4
{[%clk 0:10:33]} Be1 {[%clk 0:23:06]} 49. Ba3 {[%clk 0:08:58]} Bxh4
{[%clk 0:22:48]} 50. Bd6 {[%clk 0:09:11]} Kf6 {[%clk 0:23:04]} 51. c5
{[%clk 0:09:21]} Nd8 {[%clk 0:22:08]} 52. Bb3 {[%clk 0:09:31]} Nb7
{[%clk 0:22:31]} 53. Bf8 {[%clk 0:07:35]} Nd8 {[%clk 0:22:27]} 54. Bd5
{[%clk 0:07:42]} Be1 {[%clk 0:21:44]} 55. c6 {[%clk 0:07:50]} Nxc6
{[%clk 0:22:02]} 56. Bxc6 {[%clk 0:08:12]} g5 {[%clk 0:22:30]} 57. Be8
{[%clk 0:07:44]} Bb4 {[%clk 0:20:01]} 58. Bxb4 {[%clk 0:06:30]} axb4
{[%clk 0:20:23]} 59. a5 {[%clk 0:06:55]} b3 {[%clk 0:20:45]} 60. Ba4
{[%clk 0:07:19]} 0-1